[Event "Druzynowe Mistrzostw Polski Juniorow - II Liga"]
[Site "Wroclaw"]
[Date "1899-12-30"]
[Round "2.67"]
[White "Maciaszek, Karol"]
[Black "Bartlomowicz, Jakub"]
[Result "1/2-1/2"]
[WhiteTitle "I"]
[BlackTitle "I"]
[WhiteElo "1695"]
[BlackElo "1922"]

1. e4 c5 2. Nf3 Nc6 3. d4 cxd4 4. Nxd4 Nf6 5. Nc3 e5 6. Ndb5 d6 7. Bg5 a6 8. Na3
b5 9. Nd5 Be7 10. Bxf6 Bxf6 11. c3 O-O 12. Nc2 Rb8 13. Nce3 Bg5 14. Bd3 Be6 15.
O-O Ne7 16. Bc2 Bxe3 17. Nxe3 Qc7 18. Bb3 Rfd8 19. Bxe6 fxe6 20. Qg4 1/2-1/2

[Event "Druzynowe Mistrzostw Polski Juniorow - II Liga"]
[Site "Wroclaw"]
[Date "1899-12-30"]
[Round "2.68"]
[White "Bochenek, Ryszard"]
[Black "Kucharski, Sylwester"]
[Result "0-1"]
[WhiteTitle "II+"]
[BlackTitle "I"]
[WhiteElo "1544"]
[BlackElo "1441"]

1. e4 b6 2. d4 Bb7 3. Bd3 Nf6 4. Nc3 e6 5. a3 d5 6. e5 Ne4 7. Nge2 c5 8. Bb5+ Nd7
9. Nxe4 dxe4 10. c3 a6 11. Ba4 Be7 12. O-O Qc7 13. Ng3 Rd8 14. Qg4 g6 15. Nxe4
b5 16. Bb3 Qc6 17. Re1 cxd4 18. cxd4 Nb6 19. f3 Nc4 20. Bg5 Rxd4 21. Bxe7 Rxe4
22. Qxe4 Qb6+ 23. Kh1 Bxe4 24. Rxe4 Kxe7 25. Bxc4 bxc4 26. Rxc4 Qxb2 27. Rc7+
Kf8 0-1

[Event "Druzynowe Mistrzostw Polski Juniorow - II Liga"]
[Site "Wroclaw"]
[Date "1899-12-30"]
[Round "2.69"]
[White "Rajlich, Vaclav"]
[Black "Blaszkiewicz, Jakub"]
[Result "1/2-1/2"]
[WhiteTitle "II"]
[BlackTitle "II"]
[WhiteElo "1326"]
[BlackElo "1405"]

1. e4 c5 2. Nc3 Nc6 3. f4 d6 4. Bc4 g6 5. Nf3 Bg4 6. Bxf7+ Kxf7 7. Ng5+ Ke8 8.
Qxg4 Nf6 9. Qf3 Nd4 10. Qd3 Qb6 11. Ne2 Nxe2 12. Qxe2 Qc6 13. d3 c4 14. d4 h6
15. d5 Qa4 16. Ne6 Rc8 17. c3 b5 18. O-O b4 19. Be3 Kd7 20. Bd4 Rg8 21. Bxf6 exf6
22. Qg4 Ke7 23. Nxf8 Rcxf8 24. Qe6+ Kd8 25. Qxd6+ Qd7 26. Qxd7+ Kxd7 27. cxb4
Rb8 28. a3 a5 29. Rac1 Rgc8 30. bxa5 Rxb2 31. Rf2 c3 32. Rfc2 Rb3 33. Kf2 Rxa3
34. Ke3 Rc4 35. Kd3 Raa4 36. Re1 Rd4+ 37. Kxc3 Rac4+ 38. Kb2 Rxe4 39. Rxc4 Rxc4
40. g3 Rc5 41. Re6 Rxa5 42. Rxf6 Rxd5 43. Kc3 g5 44. Rxh6 gxf4 45. gxf4 Ke7 46.
Kc4 Rd2 47. h3 Kf7 48. Kc5 Kg7 49. Rd6 Rf2 50. Rd4 Rf3 51. h4 Rh3 52. f5 Kf6 53.
Rf4 Ke5 54. Rf2 Rxh4 55. f6 Rh8 1/2-1/2

[Event "Druzynowe Mistrzostw Polski Juniorow - II Liga"]
[Site "Wroclaw"]
[Date "1899-12-30"]
[Round "2.72"]
[White "Babinska, Liwia"]
[Black "Kicinska, Anna"]
[Result "1/2-1/2"]
[WhiteTitle "I"]
[BlackTitle "I+"]
[WhiteElo "1331"]
[BlackElo "1297"]

1. e4 d5 2. exd5 Qxd5 3. Nc3 Qa5 4. d4 Nf6 5. Bd2 c6 6. Bd3 Qc7 7. Nf3 Bg4 8. h3
Bh5 9. O-O e6 10. Re1 Bd6 11. Ne4 Be7 12. c3 Nbd7 13. a4 Bg6 14. Qc2 Nxe4 15.
Bxe4 Nf6 16. Bd3 O-O 17. Bxg6 hxg6 18. Ne5 c5 19. dxc5 Bxc5 20. Bf4 Bd6 21. Rad1
Nd5 22. Bg3 Bxe5 23. Bxe5 Qc6 24. c4 Nb6 25. b3 Rfd8 26. Qc3 f6 27. Bd4 e5 28.
Bxb6 Qxb6 29. h4 Kf7 30. Qh3 Rd4 31. h5 Rad8 32. hxg6+ Kxg6 33. Rxd4 Qxd4 34.
Re3 Qd1+ 35. Kh2 Kf7 36. Rg3 b6 37. Qh7 Rg8 38. Rd3 Rh8 39. Rxd1 Rxh7+ 40. Kg3
Ke6 41. Rd8 g5 42. Re8+ Kd7 43. Rf8 Ke7 44. Rc8 Kd7 45. Rf8 Ke7 46. Rc8 Kd7 1/2-1/2

[Event "Druzynowe Mistrzostw Polski Juniorow - II Liga"]
[Site "Wroclaw"]
[Date "1899-12-30"]
[Round "2.73"]
[White "Makhynia, Kostiantyn"]
[Black "Stypka, Sebastian"]
[Result "1/2-1/2"]
[WhiteTitle "II"]
[BlackTitle "II"]
[WhiteElo "1717"]
[BlackElo "1373"]

1. d4 d5 2. c4 e6 3. Nf3 c5 4. cxd5 exd5 5. g3 Nc6 6. Bg2 Nf6 7. O-O Bd6 8. dxc5
Bxc5 9. a3 O-O 10. b4 Bb6 11. Bb2 Bf5 12. Nd4 Be4 13. Nxc6 bxc6 14. Nc3 Bxg2 15.
Kxg2 Re8 16. Na4 Ne4 17. Rc1 Rc8 18. e3 Nd6 19. Nxb6 axb6 20. Qg4 f6 21. Rfd1
Re4 22. Qe2 Nc4 23. Rd3 Qe7 24. Qc2 b5 25. Bd4 Ra8 26. Ra1 Ra4 27. Bc5 Qb7 28.
f3 Re8 29. e4 Ne5 30. Rd2 Rea8 31. exd5 cxd5 32. Qb3 Nc4 33. Rda2 Qc7 34. Qd3
Qe5 35. Rd1 Rxa3 36. Rxa3 Rxa3 37. Qxd5+ Qxd5 38. Rxd5 Ra2+ 39. Kh3 Rd2 40. Rxd2
Nxd2 41. Kg4 Kf7 42. Kf4 Ke6 43. Ke3 Nb3 44. Ba7 Kd5 45. Kd3 Nc1+ 46. Kc2 Ne2
47. Kd3 Nc1+ 48. Kc2 Ne2 49. Kd3 1/2-1/2

[Event "Druzynowe Mistrzostw Polski Juniorow - II Liga"]
[Site "Wroclaw"]
[Date "1899-12-30"]
[Round "2.75"]
[White "Rzasa, Mateusz"]
[Black "Staniczek, Kacper"]
[Result "1-0"]
[WhiteTitle "II"]
[BlackTitle "II"]
[WhiteElo "1034"]
[BlackElo "1345"]

1. c4 e6 2. Nc3 Nf6 3. g3 d5 4. cxd5 Nxd5 5. Bg2 c6 6. Nf3 Bd6 7. e4 Ne7 8. O-O
Nd7 9. d4 b6 10. Ng5 h6 11. Nf3 Ba6 12. Re1 O-O 13. Nh4 Bb4 14. a3 Bxc3 15. bxc3
Bc4 16. Nf3 Ng6 17. Nd2 Ba6 18. e5 1-0

[Event "Druzynowe Mistrzostw Polski Juniorow - II Liga"]
[Site "Wroclaw"]
[Date "1899-12-30"]
[Round "2.77"]
[White "Pietrzak, Emilia"]
[Black "Lach, Alicja"]
[Result "0-1"]
[WhiteTitle "I+"]
[BlackTitle "I"]
[WhiteElo "1374"]
[BlackElo "1367"]

1. d4 Nf6 2. c4 c5 3. d5 b5 4. cxb5 a6 5. bxa6 Bxa6 6. g3 d6 7. Bg2 g6 8. Nf3 Bg7
9. O-O O-O 10. Nc3 Nbd7 11. Rb1 Qa5 12. Qc2 Ng4 13. Bd2 Rfb8 14. b3 Nge5 15. Nxe5
Nxe5 16. Rfe1 Bc8 17. f4 Nd7 18. e4 Bd4+ 19. Kh1 Bxc3 20. Bxc3 Qxa2 21. Rb2 Qa7
22. e5 Nb6 23. exd6 Bf5 24. Qe2 exd6 25. g4 Bd7 26. Qe7 Re8 27. Qf6 Rxe1+ 28.
Bf1 Re5 29. fxe5 Nxd5 30. Qf3 Nxc3 31. Qxc3 Qa1 32. Kg2 Ra2 0-1

[Event "Druzynowe Mistrzostw Polski Juniorow - II Liga"]
[Site "Wroclaw"]
[Date "1899-12-30"]
[Round "2.78"]
[White "Moczala, Maja"]
[Black "Opalka, Marta"]
[Result "1-0"]
[WhiteTitle "I+"]
[BlackTitle "I"]
[WhiteElo "1375"]
[BlackElo "1249"]

1. e4 c6 2. d4 d5 3. exd5 cxd5 4. Bd3 Nc6 5. c3 Nf6 6. h3 e6 7. Bf4 Be7 8. Nf3
O-O 9. O-O a6 10. Nbd2 b5 11. b4 Bd7 12. Nb3 a5 13. a3 axb4 14. axb4 Qb6 15. Qe2
Na7 16. Nc5 Rfc8 17. Ra6 Qd8 18. Rfa1 Nc6 19. Bxb5 Bxc5 20. bxc5 Ne4 21. Qd3 Rxa6
22. Rxa6 Nb8 23. Bxd7 Nxa6 24. Bxc8 Qxc8 25. c6 e5 26. Bxe5 f6 27. Bg3 Nc7 28.
Bxc7 Qxc7 29. Qb5 1-0

[Event "Druzynowe Mistrzostw Polski Juniorow - II Liga"]
[Site "Wroclaw"]
[Date "1899-12-30"]
[Round "2.79"]
[White "Kubica, Dominik"]
[Black "Piechota, Kamil"]
[Result "0-1"]
[WhiteTitle "I"]
[BlackTitle "I"]
[WhiteElo "1595"]
[BlackElo "1728"]

1. e4 e5 2. Nf3 Nc6 3. Bc4 Bc5 4. c3 Nf6 5. d4 exd4 6. e5 d5 7. Bb5 Ne4 8. cxd4
Bb6 9. O-O Bg4 10. Be3 O-O 11. Bxc6 bxc6 12. Qc1 f6 13. Qxc6 Bxf3 14. gxf3 Ng5
15. f4 Nf3+ 16. Kh1 Bxd4 17. Bxd4 Nxd4 18. Qc3 fxe5 19. fxe5 Qh4 20. Nd2 Rf5 21.
Qxc7 Qf4 22. Rg1 g6 23. Qd6 Raf8 24. Rxg6+ hxg6 25. Qxg6+ Kh8 26. Rg1 R5f7 27.
Rg4 Qxf2 28. e6 Rh7 29. Rg2 Qe1+ 30. Rg1 Qxd2 0-1

[Event "Druzynowe Mistrzostw Polski Juniorow - II Liga"]
[Site "Wroclaw"]
[Date "1899-12-30"]
[Round "2.80"]
[White "Zimny, Karol"]
[Black "Sputowski, Jakub"]
[Result "0-1"]
[WhiteTitle "II"]
[BlackTitle "I"]
[WhiteElo "1224"]
[BlackElo "1677"]

1. e4 c5 2. c3 d5 3. exd5 Qxd5 4. d4 Nc6 5. Nf3 e5 6. dxe5 Qxd1+ 7. Kxd1 Nge7 8.
Bf4 Ng6 9. Bg3 Bg4 10. Nbd2 O-O-O 11. Be2 h5 12. h4 Bxf3 13. Bxf3 Ngxe5 14. Be4
g6 15. Kc2 Bh6 16. Nb3 c4 17. Nd4 f5 18. Bxe5 Nxe5 19. Bf3 Rhe8 20. Rhe1 Nd3 21.
Rxe8 Rxe8 22. Rf1 Bg7 23. Ne2 Kc7 24. b3 Ne5 25. Bd5 cxb3+ 26. axb3 Bf6 27. g3
b5 28. Nd4 Kb6 29. Bg2 Rc8 30. Kd2 Ng4 31. f3 Bxd4 32. cxd4 Nf6 33. Re1 Rc6 34.
Re7 Rd6 35. Kd3 a6 36. f4 Ka5 37. Re2 Kb4 38. Rb2 Nd5 39. Bxd5 Rxd5 40. Rb1 Rd6
41. Ke3 Kc3 42. b4 Re6+ 43. Kf3 Kxd4 44. Kf2 Kc3 45. Kf3 Kc2 46. Ra1 Kb3 47. Rb1+
Ka4 48. Kf2 a5 49. bxa5 Kxa5 50. Ra1+ Kb4 51. Rb1+ Kc4 52. Rc1+ Kd3 53. Rb1 Rb6
54. Ke1 b4 55. Kd1 b3 56. Rb2 Kc3 57. Rb1 b2 58. Ke2 Kc2 0-1

[Event "Druzynowe Mistrzostw Polski Juniorow - II Liga"]
[Site "Wroclaw"]
[Date "1899-12-30"]
[Round "2.81"]
[White "Dylong, Antoni"]
[Black "Kordowski, Lukasz"]
[Result "1-0"]
[WhiteTitle "I"]
[BlackTitle "III"]
[WhiteElo "1576"]
[BlackElo "1102"]

1. d4 Nf6 2. Nf3 g6 3. c4 Bg7 4. Nc3 d6 5. e4 O-O 6. Be2 Nbd7 7. O-O e5 8. d5 Nc5
9. Qc2 a5 10. Be3 b6 11. Nd2 Ng4 12. Bxg4 Bxg4 13. a3 Na6 14. Rfb1 h5 15. b4 h4
16. bxa5 bxa5 17. h3 Bh5 18. Nb3 f5 19. f3 f4 20. Bf2 Nb8 21. c5 Nd7 22. cxd6
cxd6 23. Nb5 a4 24. Nd2 Rc8 25. Qxa4 Nc5 26. Bxc5 dxc5 27. Qc4 g5 28. a4 Qa5 29.
Nb3 Qb4 30. Qxb4 cxb4 31. Rc1 Rxc1+ 32. Rxc1 Be8 33. d6 Bxb5 34. axb5 Rb8 35.
d7 Rd8 36. Rc8 Bf6 37. b6 1-0

[Event "Druzynowe Mistrzostw Polski Juniorow - II Liga"]
[Site "Wroclaw"]
[Date "1899-12-30"]
[Round "2.82"]
[White "Furas, Pawel"]
[Black "Nguyen, Doan Quoc Anh"]
[Result "0-1"]
[WhiteTitle "III"]
[BlackTitle "II"]
[WhiteElo "1052"]
[BlackElo "1293"]

1. e4 c5 2. c3 d5 3. exd5 Qxd5 4. d4 g6 5. Nf3 Bg7 6. dxc5 Qxc5 7. Na3 Bxc3+ 8.
bxc3 Qxc3+ 9. Qd2 Qxa1 10. Bb5+ Nc6 11. Bxc6+ bxc6 12. O-O Qg7 13. Rd1 Be6 14.
Nc4 Nf6 15. Nd6+ exd6 16. Qxd6 Rc8 17. Bb2 Qf8 18. Qd3 Qe7 19. Ba3 Rd8 20. Qc2
Rxd1+ 21. Qxd1 Qxa3 22. Qc2 O-O 23. h3 c5 24. Qb1 Bxh3 25. Qa1 Nh5 26. Ng5 Bf5
0-1

[Event "Druzynowe Mistrzostw Polski Juniorow - II Liga"]
[Site "Wroclaw"]
[Date "1899-12-30"]
[Round "2.83"]
[White "Kulpa, Karolina"]
[Black "Czerwinska, Oliwia"]
[Result "1/2-1/2"]
[WhiteTitle "I"]
[BlackTitle "I"]
[WhiteElo "1461"]
[BlackElo "1435"]

1. e4 e5 2. Nf3 Nc6 3. Bb5 Nf6 4. d3 Bd6 5. c3 O-O 6. O-O Re8 7. Nbd2 Bf8 8. Re1
d6 9. Nf1 Bd7 10. Ng3 g6 11. h3 h6 12. Ba4 Qc8 13. Be3 Kh7 14. Bc2 Bg7 15. d4
Ng8 16. dxe5 dxe5 17. Qe2 Be6 18. Rad1 Rd8 19. b3 a6 20. Nh2 Rxd1 21. Rxd1 Qe8
22. Qe1 Rd8 23. Rxd8 Qxd8 24. Qd2 Qxd2 25. Bxd2 Nf6 26. Nf3 Nd7 27. Kf1 Kg8 28.
Ke2 Kf8 29. Nf1 Ke8 30. Ne3 Ne7 31. c4 c6 1/2-1/2

[Event "Druzynowe Mistrzostw Polski Juniorow - II Liga"]
[Site "Wroclaw"]
[Date "1899-12-30"]
[Round "2.84"]
[White "Figa, Karolina"]
[Black "Cichon, Julia"]
[Result "1-0"]
[WhiteTitle "I+"]
[BlackTitle "II+"]
[WhiteElo "1352"]
[BlackElo "1054"]

1. d4 Nf6 2. c4 e6 3. Nc3 d5 4. cxd5 Nxd5 5. e4 Nxc3 6. bxc3 c5 7. d5 Be7 8. Bf4
exd5 9. exd5 Bd6 10. Bb5+ Bd7 11. Qe2+ Qe7 12. Bxd6 Qxe2+ 13. Bxe2 b6 14. Nf3
f6 15. O-O-O Kf7 16. Rhe1 Rd8 17. Bc4 Ba4 18. Re7+ Kg8 19. Bc7 Rf8 20. Rde1 Nd7
21. d6+ Kh8 22. Bd5 Rac8 23. Bb7 Rce8 24. Rxe8 Rxe8 25. Rxe8+ 1-0

[Event "Druzynowe Mistrzostw Polski Juniorow - II Liga"]
[Site "Wroclaw"]
[Date "1899-12-30"]
[Round "2.85"]
[White "Lichorad, Mateusz"]
[Black "May, Jakub"]
[Result "1-0"]
[WhiteTitle "I+"]
[BlackTitle "II"]
[WhiteElo "1983"]
[BlackElo "1271"]

1. d4 g6 2. Nf3 Bg7 3. g3 d6 4. Bg2 Nf6 5. O-O O-O 6. c4 c5 7. Nc3 e6 8. Bg5 Qc7
9. Rc1 a6 10. Qd2 Re8 11. Rfd1 Nbd7 12. e4 Nb6 13. b3 e5 14. dxc5 dxc5 1-0

[Event "Druzynowe Mistrzostw Polski Juniorow - II Liga"]
[Site "Wroclaw"]
[Date "1899-12-30"]
[Round "2.86"]
[White "Rychlik, Michal"]
[Black "Mosny, Kamil"]
[Result "1/2-1/2"]
[WhiteTitle "II"]
[BlackTitle "I"]
[WhiteElo "1354"]
[BlackElo "1730"]

1. c4 e6 2. Nf3 d5 3. g3 Nf6 4. Bg2 c6 5. d4 b6 6. Qc2 Bb7 7. O-O Bd6 8. b3 Nbd7
9. Bb2 O-O 10. Nc3 Rc8 11. e4 dxe4 12. Nxe4 Nxe4 13. Qxe4 Nf6 14. Qh4 Qc7 15.
Rfe1 Be7 16. Rad1 Rfd8 17. Ne5 c5 18. Bxb7 Qxb7 19. Qf4 Bf8 1/2-1/2

[Event "Druzynowe Mistrzostw Polski Juniorow - II Liga"]
[Site "Wroclaw"]
[Date "1899-12-30"]
[Round "2.87"]
[White "Smolinski, Wojciech"]
[Black "Kolendo, Tymon"]
[Result "1/2-1/2"]
[WhiteTitle "II"]
[BlackTitle "III"]
[WhiteElo "1278"]
[BlackElo "1126"]

1. e4 c5 2. Nf3 g6 3. d4 cxd4 4. Nxd4 Nc6 5. Nc3 Bg7 6. Be3 Nf6 7. Bc4 Qa5 8. O-O
O-O 9. Re1 d6 10. f3 Bd7 11. Qd2 Rfc8 12. Bb3 a6 13. a4 Qb4 14. Bf2 Ne8 15. Rad1
Nxd4 16. Bxd4 Bxd4+ 17. Qxd4 Qxd4+ 18. Rxd4 Bc6 19. Re2 Nc7 20. Nd5 Bxd5 21. exd5
Kf8 22. Rde4 Re8 23. a5 Rac8 24. c4 e5 25. Re1 f6 26. Ba2 Red8 27. R4e3 Ne8 28.
b4 Rc7 29. Rc1 Rdc8 30. Rec3 Kg7 31. c5 Kf8 32. Kf2 Ke7 33. Ke3 Kf8 34. Bb3 Ke7
35. Ba4 Kd8 36. Kd3 Ke7 37. Bxe8 Kxe8 38. c6 bxc6 39. Rxc6 Kd7 40. Rxc7+ Rxc7
41. Rxc7+ Kxc7 42. g3 f5 43. h3 h5 44. g4 hxg4 45. hxg4 fxg4 46. fxg4 Kb7 47.
Ke4 Kc7 48. Ke3 Kb7 49. Kd3 Ka7 50. Ke4 1/2-1/2

[Event "Druzynowe Mistrzostw Polski Juniorow - II Liga"]
[Site "Wroclaw"]
[Date "1899-12-30"]
[Round "2.89"]
[White "Trybus, Dominika"]
[Black "Lazniewska, Zofia"]
[Result "0-1"]
[WhiteTitle "I++"]
[BlackTitle "I+"]
[WhiteElo "1532"]
[BlackElo "1561"]

1. e4 c5 2. c3 d5 3. exd5 Qxd5 4. d4 Nf6 5. Nf3 Bg4 6. Be2 e6 7. O-O Nc6 8. Be3
cxd4 9. cxd4 Be7 10. Nc3 Qd6 11. Qb3 O-O 12. Rfd1 Rfd8 13. Rd2 Qc7 14. Nb5 Qb8
15. h3 Bh5 16. Rad1 Nd5 17. Nc3 Bg6 0-1

[Event "Druzynowe Mistrzostw Polski Juniorow - II Liga"]
[Site "Wroclaw"]
[Date "1899-12-30"]
[Round "2.90"]
[White "Michalska, Lena"]
[Black "Zylak, Emilia"]
[Result "1-0"]
[WhiteTitle "I"]
[BlackTitle "III"]
[WhiteElo "1324"]
[BlackElo "1000"]

1. c4 e5 2. g3 Nc6 3. Bg2 Bc5 4. Nc3 Nf6 5. Nf3 d6 6. O-O O-O 7. d3 Be6 8. Bg5
h6 9. Bxf6 Qxf6 10. Ne4 Qe7 11. Nxc5 dxc5 12. Nd2 Bd7 13. Qb3 Rab8 14. Ne4 Nd4
15. Qd1 Bc6 16. f4 f6 17. e3 Ne6 18. Qe2 Rbe8 19. fxe5 fxe5 20. Nc3 Bxg2 21. Kxg2
c6 22. Rad1 Qd7 23. Rxf8+ Rxf8 24. Ne4 Qe7 25. Qg4 Nc7 26. Rf1 Rxf1 27. Kxf1 Na6
28. a3 b5 29. Ke2 b4 30. Qc8+ Kh7 31. Qxa6 bxa3 32. bxa3 Qc7 33. Nxc5 1-0

[Event "Druzynowe Mistrzostw Polski Juniorow - II Liga"]
[Site "Wroclaw"]
[Date "1899-12-30"]
[Round "2.91"]
[White "Doroba, Ludwik"]
[Black "Malinowski, Szymon"]
[Result "0-1"]
[WhiteTitle "II"]
[BlackTitle "I"]
[WhiteElo "1421"]
[BlackElo "1824"]

1. d4 d5 2. Bf4 Bf5 3. e3 Nf6 4. Nd2 c5 5. c3 Qb6 6. Qb3 c4 7. Qxb6 axb6 8. Be2
b5 9. a3 Nc6 10. Rc1 e6 11. Ngf3 h6 12. h3 g5 13. Be5 Nxe5 14. Nxe5 Bd6 15. g4
Bh7 16. h4 Bxe5 17. dxe5 Nd7 18. hxg5 Nxe5 19. f4 Nd7 20. Rxh6 Ke7 21. Kf2 Bg6
22. Rch1 Rhg8 23. Nf3 Be4 24. Rd1 Nc5 25. Nd4 b4 26. cxb4 Na4 27. Rd2 c3 28. bxc3
Nxc3 29. Nb5 Nxb5 30. Bxb5 Rxa3 31. Rb2 Rc8 32. Rd2 Rb3 33. Be2 Rcc3 34. Rh3 Rxb4
35. Bf3 b5 36. Bxe4 Rxe4 37. Ke2 Rxf4 38. exf4 Rxh3 39. Rd4 Kd6 40. f5 e5 41.
Rb4 Kc5 42. Rb1 Rg3 43. g6 fxg6 44. f6 Rh3 45. g5 Rh7 46. Ke3 b4 47. Rc1+ Kd6
48. Rf1 Ke6 49. Rc1 Rb7 50. Rc8 b3 51. Re8+ Kf5 52. Re7 Rb8 53. f7 Rf8 54. Kf3
b2 55. Rb7 Kxg5 56. Rxb2 Rxf7+ 57. Kg3 d4 0-1

[Event "Druzynowe Mistrzostw Polski Juniorow - II Liga"]
[Site "Wroclaw"]
[Date "1899-12-30"]
[Round "2.92"]
[White "Trzebinski, Patryk"]
[Black "Rumniak, Aleksy"]
[Result "1-0"]
[WhiteTitle "I++"]
[BlackTitle "II"]
[WhiteElo "1782"]
[BlackElo "1291"]

1. e4 c5 2. Nf3 Nc6 3. d4 cxd4 4. Nxd4 g6 5. c4 Bg7 6. Be3 Nf6 7. Nc3 O-O 8. Be2
d6 9. O-O Bd7 10. f3 Nxd4 11. Bxd4 a5 12. b3 Bc6 13. a3 Nd7 14. Rc1 Nc5 15. Bxg7
Kxg7 16. b4 axb4 17. axb4 Ne6 18. Nd5 Bxd5 19. exd5 Nc7 20. Qd4+ Kg8 21. Qb6 Qb8
22. Qd4 Na6 23. c5 dxc5 24. bxc5 Rd8 25. Rfd1 Nc7 26. Qe4 Rd7 27. d6 exd6 28.
Rxd6 Rxd6 29. cxd6 Ne6 30. d7 Qa7+ 31. Kf1 Rd8 32. Bc4 Nf8 1-0

[Event "Druzynowe Mistrzostw Polski Juniorow - II Liga"]
[Site "Wroclaw"]
[Date "1899-12-30"]
[Round "2.93"]
[White "Wolski, Ernest"]
[Black "Wons, Krystian"]
[Result "1-0"]
[WhiteTitle "II"]
[BlackTitle "II"]
[WhiteElo "1216"]
[BlackElo "1138"]

1. c4 c5 2. Nc3 Nc6 3. g3 g6 4. Bg2 Nf6 5. d3 Bg7 6. e4 d6 7. Nge2 O-O 8. h3 Bd7
9. Be3 a6 10. Qd2 Re8 11. O-O Qc8 12. Nf4 e5 13. Nfd5 Nxd5 14. Nxd5 Qd8 15. f4
exf4 16. Bxf4 Be6 17. Bg5 Qc8 18. Nf6+ Kh8 19. Nxe8 Qxe8 20. Rab1 Qd7 21. Kh2
b5 22. b3 Nd4 23. Bf6 Re8 24. Qa5 Qc8 25. Bxd4 Bxd4 26. cxb5 axb5 27. Qxb5 f5
28. exf5 Bxf5 29. Rbe1 Be5 30. Qc4 Qd8 31. Re3 Qg5 32. Rfe1 Qh6 33. Qc1 Qh5 34.
a4 Rf8 35. Rxe5 dxe5 36. Qxc5 Qh6 37. Qxe5+ Kg8 38. Bd5+ Rf7 39. Qe8+ 1-0

[Event "Druzynowe Mistrzostw Polski Juniorow - II Liga"]
[Site "Wroclaw"]
[Date "1899-12-30"]
[Round "2.95"]
[White "Matyjasek, Michalina"]
[Black "Skolska, Emilia"]
[Result "0-1"]
[WhiteTitle "I"]
[BlackTitle "I++"]
[WhiteElo "1438"]
[BlackElo "1517"]

1. d4 Nf6 2. Nf3 g6 3. Bf4 Bg7 4. e3 O-O 5. h3 d6 6. Be2 Nbd7 7. O-O c5 8. c4 Qb6
9. Qc2 Re8 10. Bh2 cxd4 11. Nxd4 e5 12. Nf3 Nc5 13. Nc3 Bf5 14. Qd1 h5 15. Nb5
Red8 16. b4 Nce4 17. Qb3 a6 18. Nc3 Nxc3 19. Qxc3 Ne4 20. Qb3 Qc7 21. Rac1 Qe7
22. Rfd1 g5 23. Nd2 Nf6 24. Nf1 Rac8 25. Ng3 Bg6 26. a4 h4 27. Nf1 Ne8 28. Nd2
f5 29. Nf3 g4 30. hxg4 fxg4 31. Nd2 Qg5 32. e4 Nf6 33. Qd3 Nh5 34. Rc3 Rf8 35.
Qe3 Nf4 36. Nf1 Rf6 37. Rd2 Rcf8 38. Kh1 Qh5 39. Bg1 Bh6 40. Qb6 Bxe4 41. Bd1
Bxg2+ 42. Kh2 g3+ 43. fxg3 hxg3+ 44. Kxg3 Qh3+ 45. Kf2 Nd3+ 46. Ke2 Qf3# 0-1

[Event "Druzynowe Mistrzostw Polski Juniorow - II Liga"]
[Site "Wroclaw"]
[Date "1899-12-30"]
[Round "2.96"]
[White "Kaczmarek, Paulina"]
[Black "Piotrowska, Weronika"]
[Result "1-0"]
[WhiteTitle "I"]
[BlackTitle "II"]
[WhiteElo "1092"]
[BlackElo "1140"]

1. e4 e5 2. d4 exd4 3. Bc4 Bc5 4. Bxf7+ Kxf7 5. Qh5+ Kf8 6. Qxc5+ Qe7 7. Qxd4 Nc6
8. Qe3 Nf6 9. Nc3 b6 10. Bd2 Bb7 11. O-O-O Kf7 12. f3 Rhe8 13. Re1 Kg8 14. Nh3
Kh8 15. Nf4 Qf7 16. a3 a5 17. Nfd5 Nxd5 18. Nxd5 d6 19. Qf4 Qd7 20. Bc3 Ne5 21.
b3 b5 22. Bxe5 Rxe5 23. Qd2 Ra6 24. f4 Re8 25. f5 Qf7 26. Qd3 Re5 27. Rd1 c6 28.
Ne3 c5 29. Nd5 a4 30. Qxb5 axb3 31. Qxb3 Rxe4 32. Nc3 Qxb3 33. cxb3 Re5 34. Rhe1
Rxe1 35. Rxe1 Kg8 36. Re6 Rxa3 37. Kb2 Ra6 38. g3 Rb6 39. Re8+ Kf7 40. Rb8 c4
41. Nd1 Rxb3+ 42. Kc1 Bf3 43. Rxb3 cxb3 44. Ne3 d5 45. Kb2 d4 46. Nf1 Bd5 47.
Nd2 Kf6 48. g4 Kg5 49. h3 Kh4 50. Nxb3 Bxb3 51. Kxb3 Kxh3 52. g5 d3 53. Kc3 Kg4
54. f6 gxf6 55. gxf6 1-0

[Event "Druzynowe Mistrzostw Polski Juniorow - II Liga"]
[Site "Wroclaw"]
[Date "1899-12-30"]
[Round "2.97"]
[White "Cichon, Bartlomiej"]
[Black "Wesolek, Krzysztof"]
[Result "1/2-1/2"]
[WhiteTitle "I"]
[BlackTitle "I"]
[WhiteElo "1938"]
[BlackElo "1747"]

1. e4 e5 2. Nf3 Nf6 3. Nxe5 d6 4. Nf3 Nxe4 5. Nc3 Nxc3 6. dxc3 Nc6 7. Be3 Be7 8.
Qd2 Be6 9. O-O-O Qd7 10. Kb1 a6 11. h4 h6 12. Nd4 O-O-O 13. Nxe6 Qxe6 14. g3 Kb8
15. Bg2 Qd7 16. c4 f5 17. Rhe1 Rhe8 18. f4 Bf6 19. c5 Re6 20. Bh3 g6 21. h5 Bh8
22. c3 Qf7 23. hxg6 Qxg6 24. Qf2 dxc5 25. Rxd8+ Nxd8 26. Rd1 Qe8 27. Bxc5 b6 28.
Bd4 Bxd4 29. cxd4 Re2 30. Qf3 Re3 1/2-1/2

[Event "Druzynowe Mistrzostw Polski Juniorow - II Liga"]
[Site "Wroclaw"]
[Date "1899-12-30"]
[Round "2.100"]
[White "Wrzodak, Natalia"]
[Black "Pawlowski, Kamil"]
[Result "0-1"]
[WhiteTitle "I"]
[BlackTitle "II"]
[WhiteElo "1133"]
[BlackElo "1257"]

1. e4 e5 2. Nf3 Nc6 3. d4 exd4 4. Nxd4 Bc5 5. Nxc6 Qf6 6. Qe2 Qxc6 7. a3 Ne7 8.
Be3 Bxe3 9. fxe3 Qxe4 10. Nc3 Qg6 11. O-O-O d6 12. Qf3 O-O 13. h3 Nc6 14. Bb5
Ne5 15. Qf2 c6 16. Bd3 Qe6 17. e4 b5 18. Kb1 a5 19. Na2 Bd7 20. Qe2 Rfb8 21. c3
c5 22. Qd2 Bc6 23. Rhe1 b4 24. cxb4 axb4 0-1

[Event "Druzynowe Mistrzostw Polski Juniorow - II Liga"]
[Site "Wroclaw"]
[Date "1899-12-30"]
[Round "2.102"]
[White "Podoba, Hanna"]
[Black "Gornisiewicz, Gabriela"]
[Result "0-1"]
[WhiteTitle "I"]
[BlackTitle "II+"]
[WhiteElo "1101"]
[BlackElo "1217"]

1. d4 d5 2. c4 dxc4 3. e3 b5 4. a4 c6 5. b3 Be6 6. axb5 cxb5 7. e4 Qc7 8. Qc2 Nf6
9. f3 Nbd7 10. d5 Bxd5 11. Nc3 cxb3 12. Qb2 Bc4 13. Nxb5 Bxb5 14. Bxb5 Qc2 15.
Qd4 Rd8 16. e5 Nd5 17. Ne2 e6 18. Bb2 Bc5 19. Qa4 Qxb2 20. Qa6 O-O 21. Rc1 Be3
22. Rd1 Nxe5 23. Qa5 Rc8 24. Ba6 Nc3 25. Nxc3 Qf2# 0-1

[Event "Druzynowe Mistrzostw Polski Juniorow - II Liga"]
[Site "Wroclaw"]
[Date "1899-12-30"]
[Round "3.1"]
[White "Madajczak, Piotr"]
[Black "Kaliszuk, Kamil"]
[Result "1/2-1/2"]
[WhiteTitle "I+"]
[BlackTitle "k"]
[WhiteElo "1925"]
[BlackElo "2088"]

1. c4 e6 2. e4 c5 3. Nc3 Nc6 4. g3 g6 5. Bg2 Bg7 6. Nge2 Nge7 7. O-O O-O 8. Rb1
d6 9. d3 Rb8 10. a3 b6 11. b4 Bb7 12. Bf4 e5 13. Be3 f5 14. Nd5 h6 15. f4 Kh7
16. b5 Nxd5 17. exd5 Nd4 18. Nxd4 exd4 19. Bd2 Qd7 20. Qf3 a5 21. Rbe1 Rfe8 22.
Qf2 Bf6 23. Rxe8 Rxe8 24. Re1 Bc8 25. Rxe8 Qxe8 26. Qe1 Qxe1+ 27. Bxe1 Kg8 28.
Kf2 Bd8 29. Bd2 Kf7 30. Bf3 Bd7 1/2-1/2

[Event "Druzynowe Mistrzostw Polski Juniorow - II Liga"]
[Site "Wroclaw"]
[Date "1899-12-30"]
[Round "3.2"]
[White "Czernecki, Andrzej"]
[Black "Demski, Michal"]
[Result "1/2-1/2"]
[WhiteTitle "I"]
[BlackTitle "I+"]
[WhiteElo "1876"]
[BlackElo "1737"]

1. e4 e5 2. Nf3 Nc6 3. Bb5 a6 4. Ba4 d6 5. O-O Bd7 6. c3 g6 7. d4 Bg7 8. dxe5 Nxe5
9. Nxe5 dxe5 10. Qxd7+ Qxd7 11. Bxd7+ Kxd7 12. Be3 f5 13. exf5 gxf5 14. f3 Ke6
15. Nd2 Ne7 16. Nb3 b6 17. a4 a5 18. Rae1 Nd5 19. Bg5 Bf6 20. f4 e4 21. g4 Rhg8
22. Kh1 c5 23. Nd2 Rae8 24. Nc4 Rd8 25. Re2 h6 26. gxf5+ Kxf5 27. Bxf6 Nxf6 28.
Nxb6 Rg4 29. Nc4 Rxf4 30. Rxf4+ Kxf4 31. Rf2+ Kg5 32. h4+ Kg6 33. Ne5+ Kg7 34.
Nc4 Ng4 35. Re2 Kf6 36. Nxa5 Kf5 37. Nc4 Kf4 38. Kg2 Rg8 39. Kf1 e3 40. a5 Kf3
41. Ke1 Rd8 42. b4 1/2-1/2

[Event "Druzynowe Mistrzostw Polski Juniorow - II Liga"]
[Site "Wroclaw"]
[Date "1899-12-30"]
[Round "3.3"]
[White "Grobelny, Mikolaj"]
[Black "Wandor, Adam"]
[Result "1-0"]
[WhiteTitle "I"]
[BlackTitle "II"]
[WhiteElo "1504"]
[BlackElo "1571"]

1. e4 e5 2. Nf3 Nc6 3. d4 exd4 4. Nxd4 Nf6 5. Nxc6 bxc6 6. Qe2 a5 7. c4 Ba6 8.
g3 Be7 9. e5 Nd5 10. Qg4 Nb4 11. Qxg7 Nc2+ 12. Kd1 Nxa1 13. Qxh8+ Bf8 14. Bh6
Qe7 15. Qxf8+ Qxf8 16. Bxf8 Kxf8 17. Nc3 Re8 18. Bd3 Rxe5 19. Kd2 1-0